000 01008nam a2200241Ia 4500
999 _c49215
_d49215
001 16127
003 GE_BSU
005 20211222121249.0
008 181216s2009||||ge |||||||||||||| ||geo||
020 _a9789941015045
040 _cGE_BSU
041 _ageo
080 _a338.22(075.8) თ-42
100 _aთეთრუაშვილი, მაია
_913335
245 _aბიზნესის ეთიკა :
_b [დამხმ. სახელმძღვ.] /
_c მაია თეთრუაშვილი, ია თეთრუაშვილი ; [რედ. ზაურ თეთრუაშვილი].
264 _aთბილისი
_b [შპს "ლოგიქსი"],
_c2009.
300 _a337გვ.;
_b30 სმ.
653 _aბიზნესი
653 _aბიზნესის ეთიკა
653 _aქსეროასლი
700 _aთეთრუაშვილი, ზაურ
_eრედაქტორი
_913336
942 _cBK
_2udc